000 00833nam a22002777a 4500
001 BR2013003815
003 BR-BrBNA
005 20230928104205.0
007 ta
008 230509b bl.||||| |||| 00| 0 por d
040 _aBR-BrBNA
_bpor
_cBiblioteca Nacional de Agricultura
041 _a(Eng, Por)
072 _aE14
090 _ E14 BR2013003815
110 1 _aMinistério do Desenvolvimento Social e Combate à Fome, Brasília, DF (Brasil)
_97495
245 1 _aTerritories of citizenship integration of public policies to reduce inequalities
260 3 _aBrasília, DF (Brasil):
_c2009.
300 _a19 p.
500 _a7 illus.; 10 tables
650 _aPOLÍTICAS PÚBLICAS
650 _aTERRA
650 _aDESENVOLVIMENTO SOCIAL
650 _aGESTÃO
909 _a202309
_bLucia
_c55
_dLucia Elande
942 _cBK
999 _c78603
_d78603